MESTSKÁ KNIŽNICA GIRALTOVCE  - online katalóg 

Holuby a jastraby. Brečtan. Popol (Record no. 10357)

000 -NÁVESTIE
fixed length control field 00804nam a2200241 a 4500
008 - ÚDAJE S PEVNOU DĹŽKOU – VŠEOBECNÉ INFORMÁCIE
fixed length control field 951213s1978||||[C 0 slo c
020 ## - MEDZINÁRODNÉ ŠTANDARDNÉ ČÍSLO KNIHY (ISBN)
Údaje o dostupnosti 37 Kčs.
Qualifying information (30000 výtl.)
040 ## - ZDROJ KATALOGIZÁCIE
Pôvodná katalogizujúca agentúra SNK
Jazyk katalogizácie slo
Prepisujúca agentúra SNK
Konvencie popisu AACR2
041 1# - KÓD JAZYKA
Kód jazyka textu/zvukovej stopy alebo samostatných nápisov slo
Kód jazyka originálu a/alebo sprostredkujúcich prekladov textu ita
044 ## - KÓD KRAJINY VYDAVATEĽA/PRODUCENTA
Kód krajiny MARC xo
Kód krajiny ISO SK
080 ## - ČÍSLO MEDZINÁRODNÉHO DESATINNÉHO TRIEDENIA (MDT)
Číslo Medzinárodného desatinného triedenia (MDT) 850-3
100 1# - OSOBNÉ MENÁ – VŠEOBECNÉ INFORMÁCIE
Osobné meno Deledda, Grazia
Kód roly aut
245 10 - NÁZOV
Názov Holuby a jastraby. Brečtan. Popol
Údaj o zodpovednosti atď. Grazia Deledda ; Marína Miháliková-Hečková, Anton Košťál, Juraj Neuwirth, Blahoslav Hečko, Jozef Gális
260 ## - VYDAVATEĽSKÉ ÚDAJE, DISTRIBÚCIA ATĎ.
Miesto publikovania, distribúcie atď. Bratislava
Názov vydavateľa, distibútora atď. Slovenský spisovateľ
Dátum publikovania, distribúcie atď. 1978
Miesto výroby Bratislava
Výrobca Pravda
300 ## - FYZICKÝ POPIS
Rozmery 21 cm
490 0# - EDÍCIA
Edícia Vavrín
700 1# - PRIDANÝ VSTUP – OSOBNÉ MENO
Osobné meno Miháliková-Hečková, Marína
Kód roly trl
700 1# - PRIDANÝ VSTUP – OSOBNÉ MENO
Osobné meno Košťál, Anton
Kód roly trl
700 1# - PRIDANÝ VSTUP – OSOBNÉ MENO
Osobné meno Neuwirth, Juraj
Kód roly trl
700 1# - PRIDANÝ VSTUP – OSOBNÉ MENO
Osobné meno Hečko, Blahoslav
Kód roly [ADC]
700 1# - PRIDANÝ VSTUP – OSOBNÉ MENO
Osobné meno Gális, Jozef
Kód roly bkd
958 ## - Formálny deskriptor
Formálny deskriptor A
Holdings
Stav stiahnutia (Blokovanie) (Withrawn status) Stav straty Stav poškodenia (Damaged status) Nie pre výpožičky (Not for loan) Spôsob nadobudnutia (Collection code) Trvalé umiestnenie Aktuálne umiestnenie Dátum nadobudnutia Náklady, bežná kúpna cena Inventárne číslo (prírastkové číslo) Full call number Dátum posledného výskytu Cena s účinnosťou od Typ jednotky Koha
        Kúpa Mestská knižnica Giraltovce Mestská knižnica Giraltovce 2019-11-29 37.00 09746 B 3926 2019-11-29 2019-11-29 Krásna literatúra pre dospelých

Powered by Koha